Fórmulas / (Record no. 148546)

MARC details
000 -LEADER
campo de control de longitud fija 00638nam a2200193 4500
001 - NÚMERO DE CONTROL
campo de control 148546
003 - IDENTIFICADOR DE NÚMERO DE CONTROL
campo de control ES-MaACL
005 - FECHA Y HORA DE LA ÚLTIMA TRANSACCIÓN
campo de control 20230906202707.0
007 - CAMPO FIJO DE DESCRIPCIÓN FÍSICA--INFORMACIÓN GENERAL
campo de control de longitud fija t|
008 - DATOS DE LONGITUD FIJA--INFORMACIÓN GENERAL
campo de control de longitud fija 070214s1958 sp r ||||1| spa d
100 1# - ENTRADA PRINCIPAL--NOMBRE DE PERSONA
Nombre de persona Strohm, Rufus T.
9 (RLIN) 108448
245 10 - MENCIÓN DEL TÍTULO
Título Fórmulas /
Mención de responsabilidad, etc. por Rufus T. Strohm.
250 ## - MENCION DE EDICION
Mención de edición [1ª ed.].
260 ## - PUBLICACIÓN, DISTRIBUCIÓN, ETC.
Lugar de publicación, distribución, etc. Madrid [etc.] :
Nombre del editor, distribuidor, etc. Escuelas Internacionales,
Fecha de publicación, distribución, etc. [1958] (
Fabricante Nebreda)
300 ## - DESCRIPCIÓN FÍSICA
Extensión 57, 3 p. :
Otras características físicas il. ;
Dimensiones 19 cm.
500 ## - NOTA GENERAL
Nota general Escuelas Internacionales (International Correspondence Schools System), 7005.
710 2# - ENTRADA AGREGADA--NOMBRE DE ENTIDAD CORPORATIVA
Nombre de entidad corporativa o nombre de jurisdicción como elemento de entrada International Correspondence Schools.
9 (RLIN) 5267
852 ## - LOCALIZACIÓN
Ubicación ES-MaACL
Número de control de estantería 2021-F-19
Sublocalización o colección R.45901
Holdings
Estatus retirado Estado de pérdida Estado de daño No para préstamo Colección Biblioteca de origen Biblioteca actual Ubicación en estantería Fecha de adquisición Fuente de adquisición Total de préstamos Signatura topográfica completa Código de barras Visto por última vez Precio de reemplazo Tipo de ítem Koha
        Colección de folletos Biblioteca del Ateneo de Madrid Biblioteca del Ateneo de Madrid Depósito folletos 17/01/2008     2021-F-19 1155019 23/02/2023 23/02/2023 Folleto